01747nam a22001697a 4500999001900000008004100019100004600060245010600106260004400212300003400256520104100290650006401331773004401395906002201439942000701461952010901468 c521766d521766230227b ||||| |||| 00| 0 eng d aDas, Panchanan and Biswas, Sumita 937528 aSocial identity, gender and unequal opportunity of earning in urban India: 2017–2018 to 2019–2020 aThe Indian Journal of Labour Economics  a65(1), Jan-Mar, 2022: p.39-57 aThis study measures inequality of opportunity in earnings of different types of workers living in urban locations by using methodology similar to those developed in Ferreira and Gignoux (Review of Income and Wealth 57: 622–657, 2011) with household-level data taken from Periodic the Labour Force Surveys. In calculating the index of unequal opportunity, we use ex ante concept of equal opportunity, and gender, social status and parent’s education as circumstance variables. Shapley decomposition is performed to find out the relative roles of the circumstance variables in unequal opportunity in earnings. This empirical exercise reveals that a substantial part (nearly one-fourth) of total earning inequality is accounted for by inequality of opportunity in urban India. Parental education plays a significant role in contributing to unequal opportunity for regular salaried and self-employed workers, and gender difference is very much important in explaining unequal earning opportunity for casual wage workers. – Reproduced  aInequality of opportunity, Earning inequality, India935966 aThe Indian Journal of Labour Economics  aURBAN DEVELOPMENT cAR 00102ddc40709396465aIIPAbIIPAd2023-02-27h65(1), Jan-Mar, 2022: p.39-57pAR128097r2023-02-27yAR